00280 a2200121 4500001000700000040003500007100001700042240003500059245003000094300000700124362000900131440001800140150821 cEscola São Tomás de Aquino aWEST, David 10aPor que o céu é azul?lpor10aPor que o céu é azul? a620 a1996 1aMelhoramentos